000 00288nam a2200121Ia 4500
008 190216s9999||||xx |||||||||||||| ||und||
100 _aThiruvenkatachari K
245 0 _aIndian Economic Development
260 _bAgasthigr Book
_c1978
300 _a604p
650 _aCommerce
942 _cBK
999 _c4576
_d4576